Benj Pasek and Justin Paul Movies! - Statistics

General Stats
  • This quiz has been taken 4 times
  • The average score is 4 of 14
Answer Stats
Hint Answer % Correct
2021 Dear Evan Hansen
100%
2017 The Greatest Showman
100%
2019 Aladdin
33%
TBD Aladdin 2
33%
2023 Disney's Snow White
33%
2016 La La Land
33%
TBD The Greatest Showman 2
33%
2017 A Christmas Story Live!
0%
2022 Lyle, Lyle, Crocodile
0%
TBD Medusa
0%
2020 Saturday Night Seder
0%
2022 Spirited
0%
2016 Tom and Jerry: Back to Oz
0%
2016 Trolls
0%
No matching quizzes found
Score Distribution
Percent of People with Each Score
Percentile by Number Answered
Your Score History
You have not taken this quiz